| 000 | 00620nam a22001937a 4500 | ||
|---|---|---|---|
| 999 |
_c166831 _d166831 |
||
| 005 | 20190809124816.0 | ||
| 010 | _aUR-10362 | ||
| 020 |
_c250.00 _a- |
||
| 035 | _aU-8917 | ||
| 037 | _bDBAD/PUB | ||
| 082 | _aک | ||
| 100 | _aعبد الو حيد و ا حد | ||
| 245 |
_aيا د و ں کے د ر يچے _cعبد الو حيد و ا حد |
||
| 246 |
_bYadoon Ke Dariche (Urdu) _aby Abdul Wahid Wahid |
||
| 260 |
_aMadhya Pradesh _bAbdul Wahid Wahid _c2018 ء |
||
| 270 |
_aRisala Masjid Road Nimch Cantt _bCantt _e458441 _k07503295449 _l- |
||
| 300 |
_a194 ص _c22 Cm(Hb) |
||
| 942 |
_2ddc _cUR _hک _mو ا ح |
||